书目信息 |
| 题名: |
毛泽东思想概论
|
|
| 作者: | 陆卫明 主编 | |
| 分册: | ||
| 出版信息: | 西安 西安交通大学出版社 2002.08 |
|
| 页数: | 347页 | |
| 开本: | 20cm | |
| 丛书名: | ||
| 单 册: | ||
| 中图分类: | A84 | |
| 科图分类: | ||
| 主题词: | 毛泽东著作--学习 , 毛泽东著作研究 | |
| 电子资源: | ||
| ISBN: | 7-5605-1560-6 | |
| 000 | 00588nam0 2200205 45 | |
| 001 | 0437480726 | |
| 005 | 2004042810243945 | |
| 010 | @a7-5605-1560-6@dCNY 14.50 | |
| 100 | @a20040428d2002 km y0chiy0120 ea | |
| 101 | 0 | @achi |
| 102 | @aCN@b610000 | |
| 200 | 1 | @a毛泽东思想概论@AMao Ze Dong Si Xiang Gai Lun@f陆卫明等主编@FLu Wei Ming Deng Zhu Bian |
| 210 | @a西安@c西安交通大学出版社@d2002.08 | |
| 215 | @a347页@d20cm | |
| 606 | 0 | @a毛泽东著作@x学习 |
| 606 | 0 | @a毛泽东著作研究 |
| 690 | @aA84@v3 | |
| 701 | 0 | @a陆卫明@ALu Wei Ming@4主编 |
| 801 | 0 | @aCN@bPFT@c20040428 |
| 905 | @dA84@eL854 | |
| 毛泽东思想概论/陆卫明等主编.-西安:西安交通大学出版社,2002.08 |
| 347页;20cm |
| ISBN 7-5605-1560-6:CNY 14.50 |
| ● |
| 相关链接 |
|
|
|
正题名:毛泽东思想概论
索取号:A84/L854
 
预约/预借
| 序号 | 登录号 | 条形码 | 馆藏地/架位号 | 状态 | 备注 |
| 1 | 383318 | 203833183 | 社科库509/509社科库 4排3列5层/ [索取号:A84/L854] | 在馆 | |
| 2 | 383319 | 203833192 | 社科库509/ [索取号:A84/L854] | 在馆 |